| 000 | 03008nam0a2200469 i 4500 | ||
|---|---|---|---|
| 001 | RU\NLR\BIBL_A\011179103 | ||
| 005 | 20260407051006.0 | ||
| 010 |
_a9785990135345 _91000 |
||
| 021 |
_aRU _b2016-53136 _93385 |
||
| 035 | _a(NILC)RuMoRGB-008540275 | ||
| 035 | _a(NLR Aleph) 011179103 | ||
| 090 |
_a11809977 _c11809977 |
||
| 100 | _a20160721d2015 km y0rusy50 ca | ||
| 101 | 0 | _arus | |
| 102 | _aRU | ||
| 105 | _aa|||z|||000yy | ||
| 200 | 1 |
_aТеатр Достоевского в работах художников сцены _eС.- Петербург-Москва, ХХ век _e[сборник] _fКом. по культуре Санкт-Петербурга, Лит.-мемориальный музей Ф. М. Достоевского [и др. _gотв. ред. Н. Ашимбаева, Б. Тихомиров _gвступ. ст. Н. Хмелева] |
|
| 210 |
_aСанкт-Петербург _cКузнечный переулок _d2015 |
||
| 215 |
_a355, [4] с. _cил., цв. ил., портр., факс. _d24 |
||
| 300 | _aЗагл. корешка: Театр Достоевского | ||
| 300 | _aВ надзаг. также: Центр. театр. музей им. А.А. Бахрушина, Музей МХАТ, Санкт.-Петерб. музей театр. и муз. искусства [и др.] | ||
| 320 | _aБиблиогр. в примеч.: с. 41 (34 назв.) и в подстроч. примеч. | ||
| 327 | 1 | _aВ кн. также: Сведения о художниках: каталог / сост. О.М. Зверева] | |
| 516 | 1 | _aТеатр Достоевского | |
| 604 |
_1200#1$aДостоевский$gФедор Михайлович$bФ.М.$f1821 - 1881 _12350#$aСочинения$xПостановки на русской сцене _aДостоевский, Федор Михайлович (1821 - 1881) _tСочинения _3RU\NLR\AUTH\661574707 _xПостановки на русской сцене _92101840 |
||
| 606 | 1 |
_aТеатрально-декорационная живопись русская _z20 в. _91821389 _3RU\NLR\AUTH\661115181 |
|
| 675 | _a75/76 | ||
| 686 | 1 | _aЩ333(2Р=Рус)6-677 | |
| 686 | 1 | _aЩ143(2Р=Рус)6-463.6 | |
| 686 | 1 | _aЩ334.3(2Р=Рус)-074.7Достоевский | |
| 686 | 2 | _aШ5(2=Р)52-4Достоевский882 | |
| 702 | 1 |
_aАшимбаева _bН. Т. _f1944- _gНаталья Туймебаевна _4340 |
|
| 702 | 1 |
_4570 _8rus _7ca _aДостоевский _bФ. М. _f1821-1881 _gФедор Михайлович _3RU\NLR\AUTH\77838 _9110876 |
|
| 712 | 0 | 2 |
_4570 _aЛитературно-мемориальный музей Ф. М. Достоевского _cСанкт-Петербург _3RU\NLR\AUTH\8810020179 _9538358 |
| 801 | 0 |
_aRU _bРГБ _c20160707 _gRCR |
|
| 801 | 2 |
_aRU _bРГБ _c20160711 _grcr |
|
| 942 | _cBOOK | ||
| 980 | _aNBR | ||